HP: Ideme vlastnou cestou rozhovor: Peter Weber, generálny riaditeľ HP Slovakia

Podrobná bibliografia
Hlavní autori: Drobný, Martin (Autor, Tazateľ), Weber, Peter, 1946- (Autor)
Médium: Článok
Jazyk:slovenčina
Fyzický popis:Graf, fotogr.
ISSN:1335-4787
Predmet:

MARC

LEADER 00000nab a2200000 a 4500
001 vtls008624952
003 SK-MaSNL
005 20260304143642.0
008 250505c2005 xo mr|p|||||||000 b|slo
015 |a SNBRB2006/02  |2 snkbucl 
035 |a (sysno)vtls008624952 
035 |a urn:nbn:sk:snk-ab6q26 
035 |a (uuid)992b3e87-f294-402e-95f1-7020256c7195 
035 |a (urnnbn)urn:nbn:sk:snk:ar-006h46 
038 |a SNKBUCL 
040 |a SNKBUCL  |b slo  |c SNKBUCL  |e AACR2 
041 0 |a slo 
044 |a xo  |c SK 
080 |a 004:061.5  |2 1997 
080 |a 658.1:004  |2 1997 
100 1 |a Drobný, Martin  |4 aut  |4 ivr  |9 274739 
245 1 0 |a HP: Ideme vlastnou cestou  |b rozhovor: Peter Weber, generálny riaditeľ HP Slovakia  |c Martin Drobný 
300 |b Graf, fotogr. 
610 2 7 |a Hewlett-Packard  |2 snkbucl  |9 95867 
700 1 |a Weber, Peter,  |d 1946-  |4 aut  |9 1245852 
773 0 |t Infoware  |g Č. október (2005), s. 10-13  |x 1335-4787 
850 |a Slovenská národná knižnica 
852 |a Slovenská národná knižnica 
954 |a odborná, vedecká literatúra pôvodná (slovenská)  |2 lita 
958 |a article2022 
958 |a OND 
958 |a EUIPO 
999 |c 2926773  |d 2928703